00646nam a22002057a 450000500170000001000410001702000260005803500130008403500170009703500130011403700170012703700130014408200120015710000160016924501090018526000350029427000550032930000370038450000190042120180228104325.0 a1516EN07 ENG-114612 B-663844 c950.00a9789382059288 aEN-98144 aB-605048-063 aB-663844 bBWP/VENaDPL bDBAD/PUB a320.954 aAhuja, M.L. aHandbook of states and union territories of India :cby M.L.Ahujabdevelpoments and electoral politics / aNew DelhibSynergy Booksc2015 a24/4800, Ansari Road, DaryaganjbNew Delhie110002 axviii,341p.c23cm(Hb)bill.,maps aIncludes index